| 000 | 01307nam a2200217Ia 4500 | ||
|---|---|---|---|
| 003 | Ost | ||
| 005 | 20260507075411.0 | ||
| 008 | 260507s9999||||xx |||||||||||||| ||und|| | ||
| 040 | _cfsecg | ||
| 041 | _aara | ||
| 082 | _a330 | ||
| 100 |
_aدويدار، محمد _eمؤلف |
||
| 245 | 0 |
_aمبادئ الإقتصاد السياسي / _c محمد دويدار |
|
| 260 |
_aالإسكندرية: _bدار الجامعة الجديدة, _c2008 |
||
| 300 |
_a910 صفحة؛ _bإيضاحات ؛ _c24 سم |
||
| 520 | _aيضم الاقتصاد السياسي وعلم اجتماع، الاقتصاد السياسي كعلم، تاريخ الاقتصاد السياسي، الاقتصاد السياسي وعلم طرق الانتاج، الاقتصاد السياسي والرأسمالية، بعض قضايا المنهج، النظرية الاقتصادية بين الكلاسيك وماركس، النظرية الاقتصادية للمدرسة النيوكلاسيكية، في نقد النظرية الحدية في تحديد الاثمان، الجوانب السلبية للعملية الاقتصادية الرأسمالية | ||
| 653 | _aالإقتصاد السياسي | ||
| 653 | _aالإقتصاد- السياسة | ||
| 653 | _aالمذاهب الإقتصادية | ||
| 942 | _cكتاب | ||
| 999 |
_c44407 _d44407 |
||